| 000 | 00774nam a22002417a 4500 | ||
|---|---|---|---|
| 003 | DO-SdBNP | ||
| 005 | 20220404121707.0 | ||
| 007 | ta | ||
| 008 | 211112b2020 dr ||||| |||| 00| 0 eng d | ||
| 020 | _a9789945624045 | ||
| 040 |
_aDO-SdBNP _bspa _cBNPHU |
||
| 082 | 4 |
_a920.71 _bE91d _222 |
|
| 100 | 1 |
_aEusebio Mota, Rolando _980611 |
|
| 245 | 1 | 0 |
_aDel campo a la ciudad / _cRolando Eusebio Mota. |
| 260 |
_aSanto Domingo : _bFR Multiservicios, _c2020. |
||
| 300 |
_a140 p. ; _c21 cm. |
||
| 500 | _aIncluye datos biográficos del autor en la contracubierta | ||
| 590 | _aInventariado, 2021/BT | ||
| 600 | 1 | 4 |
_aEusebio, Mota, Rolando _981237 |
| 651 | 4 |
_aRepública Dominicana _vBiografías _91083 |
|
| 910 | _aBtavárez/Validado. Control de calidad MFF | ||
| 942 |
_2ddc _cLBS1 |
||
| 999 |
_c50950 _d50950 |
||